<?xml version="1.0" encoding="UTF-8"?>
<marc:record xmlns:marc="http://www.loc.gov/MARC21/slim">
   <marc:leader>00000nam a2200000 a 4500</marc:leader>
   <marc:datafield ind1="1" ind2=" " tag="100">
      <marc:subfield code="a">Grönemeyer, Dietrich</marc:subfield>
      <marc:subfield code="4">aut</marc:subfield>
      <marc:subfield code="e">Verfasser/-in</marc:subfield>
   </marc:datafield>
   <marc:datafield ind1=" " ind2=" " tag="653">
      <marc:subfield code="a">Körper</marc:subfield>
   </marc:datafield>
   <marc:datafield ind1=" " ind2=" " tag="653">
      <marc:subfield code="a">Abenteuer</marc:subfield>
   </marc:datafield>
   <marc:datafield ind1=" " ind2=" " tag="653">
      <marc:subfield code="a">Softcover / Kinder- und Jugendbücher/Kinderbücher bis 11 Jahre</marc:subfield>
   </marc:datafield>
   <marc:datafield ind1=" " ind2=" " tag="653">
      <marc:subfield code="a">Kinderbuch</marc:subfield>
   </marc:datafield>
   <marc:datafield ind1=" " ind2=" " tag="653">
      <marc:subfield code="a">Kindersachbuch</marc:subfield>
   </marc:datafield>
   <marc:datafield ind1=" " ind2=" " tag="653">
      <marc:subfield code="a">Sachbücher und Sachbilderbücher für Kinder und Jugendliche: Mensch</marc:subfield>
   </marc:datafield>
   <marc:datafield ind1="0" ind2="0" tag="245">
      <marc:subfield code="a">Der kleine Medicus, Bodynauten auf geheimer Mission</marc:subfield>
   </marc:datafield>
   <marc:datafield ind1="0" ind2="0" tag="245">
      <marc:subfield code="b">das Buch zum Film</marc:subfield>
   </marc:datafield>
   <marc:datafield ind1="0" ind2="0" tag="245">
      <marc:subfield code="c">Dietrich Grönemeyer. Nach den Büchern von Dietrich Grönemeyer. Basierend auf dem Drehbuch von Elfie Donnelly &amp; Paul Arató. Drehbuchbearb.: Richie Conroy ... Überarb. von André Kussmaul</marc:subfield>
   </marc:datafield>
   <marc:datafield ind1=" " ind2="1" tag="264">
      <marc:subfield code="a">Hamburg</marc:subfield>
      <marc:subfield code="b">Dressler</marc:subfield>
      <marc:subfield code="c">2014</marc:subfield>
   </marc:datafield>
   <marc:datafield ind1=" " ind2=" " tag="250">
      <marc:subfield code="a">Orig.-Ausg., 1. Aufl.</marc:subfield>
   </marc:datafield>
   <marc:datafield ind1="1" ind2=" " tag="520">
      <marc:subfield code="a">Angaben aus der Verlagsmeldung

Der kleine Medicus - Buch zum Film / von Dietrich Grönemeyer

Nano und Lilly erleben ein irres (Leinwand)-Abenteuer: Mikroskopisch klein geschrumpft, machen sie sich in einem Mini-U-Boot auf abenteuerliche Reise durch das Universum des menschlichen Körpers - genauer: den Körper von Nanos Opa Erwin. Denn der finstere Professor von Schlotter hat ihm einen gefährlichen Roboter injiziert. Mithilfe von Laborkaninchen Rappel kämpfen Nano und Lilly zwischen ätzender Magensäure und angriffslustigen Antikörpern gegen den fiesen Gobot. Doch der Sauerstoff wird knapp.

Filmbuch zum großen Kinoereignis im Oktober 2014, nach den Bestsellern von Prof. Dietrich Grönemeyer, mit den schönsten Original-Bildern aus dem Kinofilm.

"http://www.der-kleine-medicus.de"target="_blank"&gt;www.der-kleine-medicus.de

"http://www.facebook.com/kleinermedicus"target="_blank"&gt;www.facebook.com/kleinermedicus
</marc:subfield>
   </marc:datafield>
   <marc:datafield ind1=" " ind2=" " tag="020">
      <marc:subfield code="a">9783791507446</marc:subfield>
      <marc:subfield code="9">9783791507446</marc:subfield>
   </marc:datafield>
   <marc:datafield ind1=" " ind2=" " tag="020">
      <marc:subfield code="a">3791507443</marc:subfield>
      <marc:subfield code="9">3791507443</marc:subfield>
   </marc:datafield>
   <marc:datafield ind1=" " ind2=" " tag="041">
      <marc:subfield code="a">ger</marc:subfield>
   </marc:datafield>
   <marc:datafield ind1=" " ind2=" " tag="300">
      <marc:subfield code="a">137 S.</marc:subfield>
   </marc:datafield>
</marc:record>
